[Event "XII Figueira da Foz Open 2018"]
[Site "Figueira da Foz"]
[Date "2018.10.30"]
[Round "3"]
[White "Dong, Rafael"]
[Black "Marcal, Armando Paulo Gomes"]
[Result "1-0"]
[WhiteElo "1360"]
[BlackElo "1751"]
[Annotator "NA RC"]
[PlyCount "81"]
[EventDate "2018.10.30"]
[EventType "swiss"]
[EventCountry "POR"]
[SourceTitle "playchess.com"]
[Source "ChessBase"]
[SourceQuality "1"]
[TimeControl "40/5400+30:1800+30"]

1. c4 {[%emt 0:00:00]} Nf6 {[%emt 0:06:17]} 2. g3 {[%emt 0:00:00]} g6 {[%emt 0:00:20]} 3. Bg2 {[%emt 0:00:00]} Bg7 {[%emt 0:00:06]} 4. Nf3 {[%emt 0:00:00]} O-O {[%emt 0:01:02]} 5. Nc3 {[%emt 0:00:08]} c6 {[%emt 0:02:52]} 6. O-O {[%emt 0:00:33]} d5 {[%emt 0:00:49]} 7. cxd5 {[%emt 0:00:33]} cxd5 {[%emt 0:00:07]} 8. d4 {[%emt 0:02:27]} Nc6 {[%emt 0:01:31]} 9. b3 {[%emt 0:02:36]} a6 {[%emt 0:02:02]} 10. e3 {[%emt 0:01:14]} Re8 {[%emt 0:02:37]} 11. Bb2 {[%emt 0:03:12]} Qc7 {[%emt 0:01:08]} 12. Rc1 {[%emt 0:00:37]} Qd6 {[%emt 0:00:54]} 13. Na4 {[%emt 0:05:02]} Nd7 {[%emt 0:01:55]} 14. Nc5 {[%emt 0:03:12]} b6 {[%emt 0:00:44]} 15. Nxd7 {[%emt 0:02:37]} Bxd7 {[%emt 0:00:17]} 16. Qe2 {[%emt 0:02:27]} a5 {[%emt 0:08:46]} 17. Rfd1 {[%emt 0:02:35]} a4 {[%emt 0:02:28]} 18. Ne1 {[%emt 0:11:59]} axb3 {[%emt 0:04:34]} 19. axb3 {[%emt 0:00:02]} Na5 {[%emt 0:01:10]} 20. Rc3 {[%emt 0:02:36]} b5 {[%emt 0:02:39]} 21. Rc5 {[%emt 0:02:12]} e6 {[%emt 0:01:28]} 22. Qd3 {[%emt 0:02:25]} Bf6 {[%emt 0:05:16]} 23. Ba3 {[%emt 0:03:08]} Qb6 {[%emt 0:00:19]} 24. Rcc1 {[%emt 0:03:05]} b4 {[%emt 0:02:19]} 25. Bb2 {[%emt 0:01:53]} Bb5 {[%emt 0:00:19]} 26. Qc2 {[%emt 0:01:37]} Rac8 {[%emt 0:01:38]} 27. Qxc8 {[%emt 0:00:22]} Rxc8 {[%emt 0:00:08]} 28. Rxc8+ {[%emt 0:01:48]} Kg7 {[%emt 0:00:03]} 29. Ra1 {[%emt 0:03:14]} Nxb3 {[%emt 0:10:22]} 30. Raa8 {[%emt 0:00:07]} Bc6 {[%emt 0:01:01]} 31. Rcb8 {[%emt 0:01:20]} Bb7 {[%emt 0:01:56]} 32. Rg8+ {[%emt 0:00:20]} Kh6 {[%emt 0:00:06]} 33. Raf8 {[%emt 0:01:04]} Qc7 {[%emt 0:01:04]} 34. f4 {[%emt 0:00:59]} g5 {[%emt 0:01:41]} 35. fxg5+ {[%emt 0:01:09]} Bxg5 {[%emt 0:00:22]} 36. Nf3 {[%emt 0:01:10]} Bxe3+ {[%emt 0:00:00]} 37. Kh1 {[%emt 0:02:59]} Qc2 {[%emt 0:04:36]} 38. h4 {[%emt 0:03:08]} Ba6 {[%emt 0:03:43]} 39. Ne5 {[%emt 0:00:00]} Qb1+ {[%emt 0:00:00]} 40. Kh2 {[%emt 0:00:00]} Bg1+ {[%emt 0:00:00]} 41. Kh3 {[%emt 0:01:12]} 1-0

[Event "XII Figueira da Foz Open 2018"]
[Site "Figueira da Foz"]
[Date "2018.10.31"]
[Round "4"]
[White "Jakubowski, Krzysztof"]
[Black "Martin Duque, Jesus"]
[Result "1-0"]
[WhiteElo "2511"]
[BlackElo "2354"]
[Annotator "TA"]
[PlyCount "45"]
[EventDate "2018.10.30"]
[EventType "swiss"]
[EventCountry "POR"]
[SourceTitle "playchess.com"]
[Source "ChessBase"]
[SourceQuality "1"]

{[%evp 25,45,-33,-14,-26,-13,-27,-13,-28,0,-31,369,367,370,370,370,357,458,398,885,540,2277,2276]} 1. Nf3 Nf6 2. g3 d5 3. Bg2 e6 4. O-O Be7 5. d3 O-O 6. Nbd2 c5 7. e4 Nc6 8. Re1 b5 {[%cal Bb7b5,Bb5b4][%mdl 32]} 9. e5 Nd7 10. Nf1 a5 11. h4 Ba6 12. Bf4 b4 13. N1h2 Rc8 14. Ng5 {C00: French: Unusual White 2nd moves} (14. Bh3 Kh8 15. Ng5 Qe8 16. Rc1 Nb6 17. Ng4 Na4 18. Rb1 c4 19. dxc4 Bxc4 20. Ne3 Nc5 21. Nxc4 dxc4 {½-½ (55) Naiditsch,A (2707)-Brandenburg,D (2522) Germany 2012}) 14... Qe8 15. Bh3 Bd8 $146 ({Predecessor:} 15... a4 16. a3 Bb5 17. Qh5 Bxg5 18. Qxg5 Nd4 19. Rac1 Kh8 20. c3 Nb3 21. Rcd1 bxa3 22. bxa3 {1-0 (38) Huenerfauth,U-Wagner,M Germany 1991}) 16. a3 {The position is equal.} bxa3 17. bxa3 Bc7 $2 {[%mdl 8192] [#]} (17... Rb8 $15 {keeps the upper hand.}) 18. Qh5 $1 $18 {[%csl Gg5][%cal Rh5h7]} h6 {[#]} 19. Ng4 $1 {[%cal Rg4h6]} hxg5 20. hxg5 {[%cal Bh4g5,Bg5f6][%mdl 32]} Bd8 {[#] aiming for ...Nd4.} 21. Nf6+ $1 {[%mdl 512]} Nxf6 $2 (21... Bxf6 22. gxf6 (22. exf6 Nd4 $16) 22... Bxd3) 22. gxf6 {White threatens Qg5 and mate.} Nd4 23. Kg2 {Precision: White = 63%, Black = 12%.} 1-0

[Event "XII Figueira da Foz Open 2018"]
[Site "Figueira da Foz"]
[Date "2018.10.31"]
[Round "4"]
[White "Rotstein, Arkadij"]
[Black "Louzao Brea, Jose Luis"]
[Result "1-0"]
[WhiteElo "2476"]
[BlackElo "1835"]
[Annotator "TA"]
[PlyCount "67"]
[EventDate "2018.10.30"]
[EventType "swiss"]
[EventCountry "POR"]
[SourceTitle "playchess.com"]
[Source "ChessBase"]
[SourceQuality "1"]

{[%evp 17,67,15,20,-16,-14,-15,-15,-8,24,8,6,-12,39,-22,85,79,87,47,36,35,63,63,47,45,106,101,290,277,293,270,292,235,462,464,550,522,786,802,788,777,1151,1143,1035,1033,1298,1106,29989,29990,29992,29993,29996,1455]} 1. e4 e6 2. d3 d5 3. Qe2 Nf6 4. Nf3 Be7 5. g3 O-O 6. Bg2 {C00: Französische Verteidigung (Seltene Züge)} b6 7. e5 Nfd7 8. O-O c5 9. c4 Bb7 {LiveBook: 4 Partien} 10. Nc3 d4 $1 {[%cal Rd4c3]} 11. Ne4 Nc6 12. Bf4 Re8 $146 ({Vorgänger:} 12... Qc7) 13. h4 {[%cal Bh2h4,Bh4h5,Bh5h6][%mdl 32]} a6 14. h5 b5 (14... h6 $11) 15. b3 (15. h6 $14) 15... Nb4 (15... h6 $11 {bleibt in der Remisbreite.}) 16. h6 $16 {Schwarz muss nun a3 beachten.} g6 17. a3 Nc6 18. Rfe1 Na5 19. Rab1 Bxe4 20. Qxe4 {zielt auf b4 ab.} Qc7 (20... Rc8 $1 $14) 21. Bg5 Rab8 $2 (21... Nc6 $16 {war einen Versuch wert.}) 22. Bxe7 $18 Rxe7 23. b4 Nc6 24. Rbc1 Qb6 $2 (24... Rc8 {kämpft weiter.} 25. cxb5 axb5 26. bxc5 Qa5) 25. cxb5 Qxb5 26. bxc5 Nxc5 27. Qh4 {[#] Weiss will mit Df6 Matt setzen.} f6 28. exf6 Rd7 29. Ng5 Nd8 30. Re5 Rc8 31. Bh3 Nxd3 32. Bxe6+ {Weiß setzt Matt.} Kh8 33. Rxc8 Qxe5 {[#]} 34. Rxd8+ $1 {[%mdl 512] Precision: Weiß = 70%, Schwarz = 32%.} 1-0

[Event "XII Figueira da Foz Open 2018"]
[Site "Figueira da Foz"]
[Date "2018.10.31"]
[Round "4"]
[White "Oratovsky, Michael"]
[Black "Dias, Ricardo Pedro Cruz"]
[Result "1-0"]
[WhiteElo "2466"]
[BlackElo "2098"]
[Annotator "TA"]
[PlyCount "133"]
[EventDate "2018.10.30"]
[EventType "swiss"]
[EventCountry "POR"]
[SourceTitle "playchess.com"]
[Source "ChessBase"]
[SourceQuality "1"]

{[%evp 21,133,9,12,0,6,6,6,6,4,8,18,14,8,0,0,0,0,0,30,30,81,83,84,94,140,118,160,158,177,149,149,149,149,149,148,140,136,127,214,219,219,219,205,205,205,205,205,204,198,137,193,192,233,205,285,280,295,299,294,205,205,205,227,206,320,268,322,283,287,269,331,327,335,324,333,335,312,320,318,252,286,297,270,252,434,434,426,423,423,423,408,406,393,392,392,383,375,321,375,374,368,366,352,302,1152,1116,1331,1331,1316,1316,1276,1247,868,666]} 1. e4 e5 2. Nf3 Nc6 3. Bc4 Bc5 4. c3 Nf6 5. d3 a6 6. Nbd2 Ba7 7. Bb3 d6 8. Nf1 Be6 {C54: Italienische Partie (Hauptvariante)} 9. Ng3 O-O 10. h3 h6 11. O-O Re8 {LiveBook: 17 Partien} (11... Bxb3 12. axb3 Re8 13. Nf5 d5 14. Qe2 Qd7 15. N3h4 Rad8 16. Qf3 dxe4 17. dxe4 {0-1 (48) Miton,K (2584)-Van Foreest,J (2629) Riadh 2017}) 12. Ba4 b5 13. Bc2 d5 14. exd5 Bxd5 15. Re1 Qd7 $146 ({Vorgänger:} 15... Bc5 16. b4 {1-0 (35) Oratovsky,M (2499)-Gonzalez Perez,A (2492) Catalunya 2014}) 16. Be3 Bb6 17. a3 Rad8 18. Bxb6 cxb6 19. Re3 Nh7 20. Qe2 {[%cal Rf3e5]} Ng5 (20... f6 $11) 21. Nxg5 $16 hxg5 22. Qh5 $1 Qe7 23. Rae1 g6 24. Qh6 Qf6 {[#]} 25. d4 $1 {[%mdl 512]} Re6 (25... exd4 26. Rxe8+) 26. dxe5 $1 Nxe5 {[#]} 27. Nh5 $1 {[%cal Rh5f6][%mdl 512]} gxh5 28. Qxf6 Rxf6 29. Rxe5 Bc4 (29... g4 $16) 30. Rxg5+ $18 Kf8 31. Bh7 $1 {[%csl Gh7][%cal Rg5g8]} (31. Rxh5 $6 Rd2 $16) 31... Be6 32. Rg8+ Ke7 33. Rxd8 $1 Kxd8 {[%mdl 4096] Endspiel KTL-KTL} 34. Rd1+ Ke7 35. f3 (35. h4 $18) 35... Bb3 (35... Rh6 $16 {ist eine bessere Verteidigung.}) 36. Rd4 Kf8 37. Kf2 Kg7 38. Be4 Re6 39. h4 Bc4 40. Bd3 Bxd3 41. Rxd3 {KT-KT} Kg6 42. Rd5 f6 (42... Kh6 {ist wohl besser.} 43. Rd8 Kg6) 43. Rd7 Kf5 44. Rd2 Kg6 45. Rd5 Kh6 46. g4 hxg4 47. fxg4 Kg6 48. Kf3 Re1 49. Rd6 Rh1 50. Kg3 ({Nicht} 50. Rxb6 Rxh4 51. Ke3 (51. Rxa6 Rh2 $16) 51... Rxg4 $16) 50... Rg1+ 51. Kf4 $1 Rf1+ 52. Ke3 Re1+ $2 (52... Rh1 53. h5+ (53. Rxb6 Rh3+ 54. Kf4 Rxh4 $18) 53... Kg5 54. Rxb6 Rb1) 53. Kd2 Re4 54. g5 Rxh4 55. gxf6 Rh2+ 56. Kc1 Rh5 57. Rxb6 a5 58. Ra6 a4 59. Rc6 Rh1+ 60. Kc2 $1 Rh2+ {[#]} 61. Kb1 $1 Rh1+ {[#]} 62. Ka2 $1 Rh5 $2 (62... Rh8 63. c4 bxc4 64. Rxc4 Ra8) 63. c4 {Weiß steht klar auf Gewinn.} Rf5 64. cxb5 Rxb5 65. Ra6 Kf7 66. Rxa4 Kxf6 67. Re4 {Precision: Weiß = 77%, Schwarz = 43%.} 1-0

[Event "XII Figueira da Foz Open 2018"]
[Site "Figueira da Foz"]
[Date "2018.10.31"]
[Round "4"]
[White "Romanishin, Oleg M"]
[Black "Galego, Luis"]
[Result "1/2-1/2"]
[WhiteElo "2443"]
[BlackElo "2473"]
[Annotator "TA"]
[PlyCount "36"]
[EventDate "2018.10.30"]
[EventType "swiss"]
[EventCountry "POR"]
[SourceTitle "playchess.com"]
[Source "ChessBase"]
[SourceQuality "1"]

{[%evp 12,36,35,43,60,55,67,58,61,57,50,50,62,58,55,24,31,46,41,16,39,43,52,0,0,0,46]} 1. d4 Nf6 2. Nf3 e6 3. g3 Be7 4. Bg2 O-O 5. c4 d6 6. O-O Nbd7 7. Nc3 {LiveBook: 6 Games} a6 {A15: English Opening: 1...Nf6} 8. Bf4 $146 ({Predecessor:} 8. b3 Rb8 9. Bb2 b6 10. e4 Bb7 11. Qc2 c5 12. Rad1 Qc7 13. d5 e5 14. Nh4 g6 15. Rde1 {1-0 (35) Vukanovic,S (2350)-Kazakov,P (2419) Dos Hermanas 2004}) 8... Nh5 9. Bd2 Nhf6 {White is slightly better.} 10. Qc2 c5 11. dxc5 Nxc5 12. Rad1 Qc7 13. Bf4 Ncd7 14. b3 h6 15. Nd2 Nh5 16. Be3 Nhf6 17. Bf4 Nh5 18. Be3 Nhf6 {Precision: White = 43%, Black = 64%.} 1/2-1/2

[Event "XII Figueira da Foz Open 2018"]
[Site "Figueira da Foz"]
[Date "2018.10.31"]
[Round "4"]
[White "Vassallo Barroche, Mauricio"]
[Black "Lisowski, Krzysztof"]
[Result "0-1"]
[WhiteElo "2378"]
[BlackElo "2095"]
[Annotator "TA"]
[PlyCount "59"]
[EventDate "2018.10.30"]
[EventType "swiss"]
[EventCountry "POR"]
[SourceTitle "playchess.com"]
[Source "ChessBase"]
[SourceQuality "1"]

{[%evp 24,59,0,-27,-10,-12,28,0,58,56,75,72,64,42,79,65,96,102,106,79,106,0,0,0,86,-197,-216,-204,249,254,214,248,586,307,285,-744,-719,-29981]} 1. Nf3 Nf6 2. g3 e6 3. Bg2 d5 4. O-O Be7 5. d3 O-O 6. Nbd2 b6 7. e4 Bb7 8. e5 Nfd7 9. Re1 c5 10. h4 Nc6 11. Nf1 Qc7 12. Bf4 b5 {[%cal Bb6b5,Bb5b4][%mdl 32]} 13. N1h2 {LiveBook: 4 Games} b4 {C00: French: Unusual White 2nd moves} (13... Rfd8 14. Ng4 d4 15. Ng5 Bxg5 16. Bxg5 Re8 17. Be4 Ne7 18. Nf6+ gxf6 19. exf6 Nf5 20. Qh5 Nf8 21. Bf4 Qb6 22. Bxf5 exf5 23. Qh6 {1-0 (23) Greenfeld,A (2531)-Minko,V (2327) Groningen 2013}) 14. h5 {[%cal Bh4h5,Bh5h6][%mdl 32]} a5 15. c3 $146 ({Predecessor:} 15. Ng4 Qd8 16. Qd2 a4 17. c4 bxc3 18. bxc3 Na5 19. Rab1 Bc6 20. Ngh2 Rb8 21. g4 {1-0 (39) Gregory,S (2053)-Sheppard,D (1746) Wetherby 2016}) 15... Ba6 (15... h6 $11) 16. Ng4 $14 Kh8 17. h6 g6 18. Qd2 Rab8 19. Bg5 Bxg5 20. Nxg5 Ne7 ({Not} 20... Ncxe5 $2 21. Nxe5 Nxe5 22. Qf4 $18) 21. Rad1 Nf5 22. Ne4 ({Better is} 22. c4 $16) 22... dxe4 (22... bxc3 {is more complex.} 23. bxc3 c4 24. dxc4 Bxc4 25. Nd6 Ba6) 23. dxe4 {[#]} Nxe5 (23... Nxg3 $1 $11 {[%mdl 512] remains equal.} 24. Qxd7 (24. fxg3 Nxe5) 24... Qxd7 25. Rxd7 Ne2+ 26. Kh2 bxc3 27. bxc3 Nxc3) 24. Qf4 $2 {[%mdl 8192]} (24. Nxe5 $16 Qxe5 25. exf5 Qxf5 26. cxb4 axb4 27. Qd6) 24... f6 $19 25. exf5 exf5 $4 {[%mdl 8192]} (25... g5 $19 26. Qc1 (26. Qe4 $2 exf5 27. Qxf5 Bc8 $19) 26... Nxg4 27. fxe6 Ne5) 26. Nxe5 $18 fxe5 27. Rxe5 ({Don't play} 27. Qxe5+ $6 Qxe5 28. Rxe5 Rbc8 $16) 27... Bb7 $2 {[#]} (27... Bc4 28. b3 Bg8) 28. Bxb7 Rxb7 29. Re8 $4 {[%mdl 8192]} (29. c4 $18) 29... Rxe8 $19 30. Qe3 {Precision: White = 32%, Black = 18%.} 0-1

[Event "XII Figueira da Foz Open 2018"]
[Site "Figueira da Foz"]
[Date "2018.10.31"]
[Round "4"]
[White "Alshameary Puente, Ismael"]
[Black "Del Rio De Angelis, Salvador G."]
[Result "0-1"]
[WhiteElo "2369"]
[BlackElo "2547"]
[Annotator "TA"]
[PlyCount "124"]
[EventDate "2018.10.30"]
[EventType "swiss"]
[EventCountry "POR"]
[SourceTitle "playchess.com"]
[Source "ChessBase"]
[SourceQuality "1"]

{[%evp 15,124,0,0,0,0,0,0,0,0,0,0,0,0,0,-2,-14,-11,-5,-6,-61,-25,-33,-6,-6,0,0,0,-22,-16,-25,-25,-41,-24,-34,-25,-26,-31,-35,-45,-55,-11,-31,-26,-44,-33,-113,-121,-105,-101,-102,-75,-74,-106,-215,-237,-227,-234,-227,-227,-227,-239,-319,-312,-297,-237,-482,-469,-454,-411,-468,-468,-454,-482,-392,-374,-11985,-253,-5908,-6198,-12826,-12822,-6157,-5915,-5845,-4790,-4335,-1994,-1932,-1925,-1911,-1807,-1545,-1553,-1483,-1414,-12844,-12843,-12845,-12845,-12845,-12844,-12846,-12847,-12847,-12847,-12848,-12847,-12848,-12846,-12851,-29978]} 1. e3 g6 2. Nf3 Bg7 3. d4 Nf6 4. Be2 d5 5. O-O O-O 6. c4 {D04: Colle System} (6. b4 a5 7. b5 c5 8. bxc6 Nxc6 9. a4 Bf5 10. c3 Re8 11. Na3 e5 12. Nb5 Rc8 13. Ba3 Ne4 {½-½ (39) Dominguez Perez,L (2739)-Vachier Lagrave,M (2779) chess.com INT 2018}) 6... dxc4 7. Na3 c5 8. Nxc4 Nc6 {LiveBook: 5 Games} 9. dxc5 Ne4 10. Nd4 $146 ({Predecessor:} 10. Bd2 Nxc5 11. Rc1 {0-1 (30) Cu Hor,W (2318)-Aloma Vidal,R (2482) Baku 2016}) 10... Nxd4 11. exd4 Qxd4 12. Be3 $1 {[%cal Re3d4]} Qxd1 $1 13. Rfxd1 Be6 14. Rac1 Rac8 15. Nd2 Nf6 {[%cal Be4f6,Bf6d5,Bd5f4][%mdl 32]} 16. Nb3 Nd5 17. Bd4 (17. Nd4 $11) 17... Nf4 (17... Nb4 $5 {[%cal Rb4a2]} 18. Bxg7 Kxg7 $17) 18. Bf3 Bxb3 19. axb3 Bxd4 20. Rxd4 Ne6 21. Rdc4 Rfd8 22. b4 Rc7 23. Rd1 Rxd1+ 24. Bxd1 $15 {[%mdl 4096] Endgame KRB-KRN} b6 {[%cal Rb6c5]} 25. Bg4 f5 26. Bf3 Kg7 {[%cal Rb6c5]} 27. g4 b5 28. Rc3 Nd4 29. g5 e5 {[%cal Be7e5,Be5e4][%mdl 32]} 30. Kg2 ({White should try} 30. Re3 $15) 30... e4 $17 31. Bd1 Nc6 32. f3 Nxb4 33. fxe4 fxe4 34. Kg3 (34. Be2 $17 {keeps fighting.}) 34... Nd3 $19 35. Be2 b4 ({Much less strong is} 35... Rxc5 36. Rxc5 Nxc5 37. Bxb5 $17) ({Less strong is} 35... Nxc5 36. Bxb5 a5 37. Kf2 $15) 36. Rc4 a5 ({Stronger than} 36... Nxc5 37. Rxb4 Rf7 38. Rc4 $11) 37. Bxd3 exd3 {KR-KR} 38. c6 Kf7 39. Kf3 Ke6 40. Ke3 $2 (40. Rc5 {was forced.} Kd6 41. Rxa5) 40... Kd5 41. Kxd3 Rxc6 42. Rf4 Rc7 43. Rf8 Kc5 44. Kc2 Kb5+ 45. Kb3 $2 (45. Kb1) 45... a4+ 46. Ka2 Rc2 {Black is clearly winning.} 47. Rb8+ Kc4 48. Rc8+ Kd3 49. Rd8+ Ke3 50. Re8+ Kf3 51. Rf8+ Kg2 52. Kb1 Rf2 53. Ra8 b3 {[%cal Rf2f1,Bb4b3,Bb3b2][%mdl 32] [#]} 54. Kc1 Rc2+ 55. Kd1 Rxb2 56. Rxa4 Rf2 57. Kc1 Kxh2 58. Rb4 {[#]} b2+ $1 59. Kb1 (59. Rxb2 Rxb2) 59... Kg3 60. Rc4 Rf5 61. Rc7 Rxg5 62. Rxh7 Rb5 {Precision: White = 46%, Black = 78%.} 0-1

[Event "XII Figueira da Foz Open 2018"]
[Site "Figueira da Foz"]
[Date "2018.10.31"]
[Round "4"]
[White "Perez Garcia, Rodney Oscar"]
[Black "Stella, Andrea"]
[Result "0-1"]
[WhiteElo "2362"]
[BlackElo "2500"]
[Annotator "TA"]
[PlyCount "80"]
[EventDate "2018.10.30"]
[EventType "swiss"]
[EventCountry "POR"]
[SourceTitle "playchess.com"]
[Source "ChessBase"]
[SourceQuality "1"]

{[%evp 20,80,0,0,0,-7,25,28,25,26,22,14,11,14,20,18,21,16,22,20,20,0,0,0,0,0,38,38,54,0,0,0,0,0,0,0,0,0,0,0,2,-6,0,-20,0,-122,-114,-379,0,0,0,-378,-375,-372,-124,-124,0,-368,-327,-778,-767,-2087,-2007]} 1. e4 e5 2. Nf3 Nc6 3. Bc4 {[%cal Bf1c4,Bc4b3,Bb3a4][%mdl 32]} Bc5 4. O-O Nf6 5. d3 O-O 6. Bb3 h6 7. c3 d6 8. h3 a5 {C54: Giuoco Piano: 4 c3 Nf6, main lines with 5 d4 and 5 d3} 9. Nbd2 Be6 10. Re1 Re8 (10... Bxb3 11. axb3 Re8 12. Nf1 d5 13. Qe2 Qd7 14. Nh4 Rad8 15. Qf3 dxe4 16. dxe4 {½-½ (58) Kramnik,V (2792)-So,W (2778) Paris 2018}) 11. Ba4 {LiveBook: 7 Games} Qb8 {[#]} 12. d4 $1 {[%mdl 512]} exd4 (12... b5 {is interesting.} 13. dxc5 bxa4 14. Qxa4 Ne7 15. Nc4 Ng6) 13. cxd4 b5 14. dxc5 {Bc2 is the strong threat.} bxa4 15. cxd6 cxd6 16. Qxa4 Qb7 17. Nc4 $146 Bxc4 18. Qxc4 Rxe4 19. Rxe4 d5 20. Qc5 dxe4 21. Ne5 Nxe5 22. Qxe5 Nd7 23. Qd4 Nf8 24. Bd2 (24. Be3 $14) 24... Ne6 $11 25. Qe5 Rd8 26. Qxa5 Qxb2 27. Bc3 Qc2 28. Re1 Rc8 29. Be5 Qc4 30. Bb2 {And now Rc1 would win.} Qd3 31. Qe5 Rc2 {aiming for ...Qd2.} 32. Qb8+ (32. Bc1 $1 $11 {keeps the balance.}) 32... Kh7 $17 33. Qe5 $2 {[%mdl 8192]} (33. Qb4 $17) 33... Kg8 $2 $40 {[%mdl 128] White needs to defend precisely.} ({Black should try} 33... Qd2 $19 34. Qxe4+ g6) 34. Qb8+ $11 Kh7 $2 {[%mdl 8192]} (34... Nf8 $11 35. Qb4 Ne6) 35. Qe5 $19 Qd2 $1 {[%csl LRb2,LRe1,LRf2]} 36. Qxe4+ {[#]} Kg8 $2 (36... g6 $1 $19 {is more deadly.} 37. Qe3 Rxb2 38. Qxd2 Rxd2) 37. Qa8+ $17 Kh7 $2 (37... Nf8 $17 38. Re8 Qxf2+ 39. Kh2 Qf4+ 40. Kg1 Rxb2 41. Rxf8+ Kh7 42. Rh8+ Kg6 43. Qa6+ f6) 38. Qe4+ $19 {[#]} g6 $1 39. Ba1 $2 (39. Qe3 Qxe3 40. Rxe3 Rxb2 41. Ra3) 39... Qxf2+ 40. Kh2 Ng5 {Precision: White = 50%, Black = 41%.} 0-1

[Event "XII Figueira da Foz Open 2018"]
[Site "Figueira da Foz"]
[Date "2018.10.31"]
[Round "4"]
[White "Veiga, Jose Francisco R P "]
[Black "Marques, Joao Paulo C Veloso"]
[Result "1-0"]
[WhiteElo "2272"]
[BlackElo "1807"]
[Annotator "TA"]
[PlyCount "63"]
[EventDate "2018.10.30"]
[EventType "swiss"]
[EventCountry "POR"]
[SourceTitle "playchess.com"]
[Source "ChessBase"]
[SourceQuality "1"]

{[%evp 20,63,35,28,100,81,80,58,70,50,71,39,39,38,42,27,49,45,54,45,43,34,37,40,101,89,115,87,125,38,106,84,164,125,132,141,156,154,180,196,324,297,423,370,370,351]} 1. Nf3 Nf6 2. b3 g6 3. Bb2 Bg7 4. g3 O-O 5. Bg2 d6 6. d4 {[%cal Bd2d4,Bd4d5][%mdl 32]} c6 7. O-O Nbd7 8. c4 Qc7 9. Nc3 Re8 10. e4 e5 {E60: King's Indian: Unusual lines and Fianchetto Variation without Nc3} 11. d5 {LiveBook: 7 Games} (11. h3 b6 12. d5 cxd5 13. cxd5 Ba6 14. Re1 Nc5 15. Bf1 Bxf1 16. Kxf1 Rec8 17. Kg2 a6 18. Qe2 {1-0 (57) Skoberne,J (2563)-Onischuk,V (2632) Batumi 2018}) 11... c5 (11... Nc5 $11) 12. Qd3 $146 ({Predecessor:} 12. Ne1 Nf8 13. Nd3 h6 14. Qd2 N6h7 15. f4 exf4 16. gxf4 a6 17. e5 Bf5 18. Ne4 Bxe4 19. Bxe4 {1-0 (28) Dzagnidze,N (2520)-Gvetadze,S (2283) Doha 2016}) 12... a6 {White is better.} 13. Rae1 Rb8 14. Nd2 Qd8 15. h3 Nh5 16. a3 {[%cal Ba2a3,Ba3b4][%mdl 32]} b6 17. Ba1 Qe7 18. Rb1 Qd8 19. b4 Bh6 20. Nb3 cxb4 21. axb4 Qc7 ({Black should try} 21... a5 $14) 22. Bb2 $16 {[%cal Ba1b2,Bb2c1,Bc1e3][%mdl 32]} Rf8 23. Bc1 $36 {[%mdl 2048] White is on the roll.} Bg7 24. Bf3 (24. Qe2 $16) 24... Nhf6 (24... f5 $1 $14) 25. Be3 Bb7 (25... Ne8 $16) 26. Rbc1 Rfc8 27. Na4 Qd8 28. Bg2 Nh5 29. c5 {[%cal Bc4c5,Bc5c6][%mdl 32]} b5 (29... dxc5 {was called for.} 30. bxc5 bxc5 31. Naxc5 Bf8 32. Nxb7 Rxb7) 30. Nc3 Ndf6 (30... dxc5 {was necessary.} 31. bxc5 (31. Nxc5 Nxc5 32. bxc5 b4 $18) 31... Ba8) 31. c6 $18 Ba8 32. Ra1 {Precision: White = 38%, Black = 27%.} 1-0

[Event "XII Figueira da Foz Open 2018"]
[Site "Figueira da Foz"]
[Date "2018.10.31"]
[Round "4"]
[White "Roettgen, Juergen"]
[Black "Dias, Jose Oliveira Gaspa"]
[Result "1-0"]
[WhiteElo "2169"]
[BlackElo "1605"]
[Annotator "TA"]
[PlyCount "83"]
[EventDate "2018.10.30"]
[EventType "swiss"]
[EventCountry "POR"]
[SourceTitle "playchess.com"]
[Source "ChessBase"]
[SourceQuality "1"]

{[%evp 11,83,19,29,21,17,31,17,8,10,6,7,4,36,6,13,3,8,0,25,1,14,0,-4,-36,88,85,252,236,224,151,195,189,199,60,44,0,0,0,0,0,0,0,97,-58,25,33,481,463,853,903,878,883,884,869,947,803,970,962,960,950,1085,1053,1467,1423,1506,1478,1429,1416,1316,1287,2029,2008,29980,29974]} 1. Nf3 e6 2. c4 d5 3. e3 c6 4. b3 f5 5. Bb2 (5. g4 Qf6 6. d4 fxg4 7. Ne5 Nh6 8. Nxg4 Bb4+ 9. Bd2 Nxg4 10. Qxg4 Bxd2+ 11. Nxd2 O-O 12. Qg3 c5 13. cxd5 exd5 14. Bg2 {½-½ (14) Alekseev,E (2620)-Gleizerov,E (2492) Kazan 2018}) 5... Nf6 6. Be2 {A11: English Opening: 1...c6} Bd6 {LiveBook: 7 Games} 7. Qc2 O-O 8. O-O {The position is equal.} Qe7 9. d4 b6 10. Ne5 Bb7 11. a4 $146 ({Predecessor:} 11. Nd2 Nbd7 12. Rad1 Rac8 13. Ndf3 {½-½ (46) Ostrowski,L (2360)-Matlak,M (2445) Krynica 1997}) 11... Nbd7 12. Nd2 a5 13. Ndf3 Rac8 14. Rfc1 Rc7 15. Qd1 Rfc8 16. Bc3 {And now c5! would win.} Ne4 17. Be1 Qf6 {[#]} (17... Nxe5 $15 {keeps the upper hand.} 18. Nxe5 c5) 18. c5 $1 $16 {[%cal Rc5d6][%mdl 512]} Bxe5 $2 (18... Ndxc5 $16 {keeps fighting.} 19. dxc5 Bxc5) (18... bxc5 19. Bxa5) 19. cxb6 ({Don't take} 19. Nxe5 Ndxc5 20. dxc5 Qxe5 $18) 19... Bd6 20. Bxa5 Ra8 {Threatening ...Rcc8.} 21. bxc7 {Hoping for b4.} Rxa5 22. c8=Q+ ({White should play} 22. b4 $18 Ra7 23. Rxc6) 22... Bxc8 $14 23. Qe1 (23. Rxc6 {is more complex.} Qd8 24. Rc2 Ra8 25. Qc1 Bb7 26. Bb5) 23... Ra8 24. Rxc6 Bb7 25. Rc2 g5 $1 26. g3 h5 (26... g4 $11 {keeps the balance.} 27. Nd2 Ng5) 27. h4 $2 (27. a5 $16) 27... g4 (27... gxh4 $1 $15 28. Nxh4 Nb8) 28. Nd2 $1 $11 Bb4 $2 {[%mdl 8192]} (28... Nb8 $14) 29. Nxe4 $18 Bxe1 (29... Qe7 $142) 30. Nxf6+ Nxf6 31. Rxe1 Ne4 32. Bb5 Nd6 33. Bd7 Bc8 34. Bxc8 Nxc8 {[%mdl 4096] Endgame [#] KRR-KRN} 35. a5 $1 {[%cal Ba4a5,Ba5a6,Ba6a7][%mdl 32]} Nd6 (35... Rxa5 36. Rxc8+) 36. Rc6 Rd8 37. a6 Kf7 38. Rc7+ Kf6 39. a7 Ra8 40. Ra1 Nb5 41. Rb7 Nd6 42. Rb8 {Precision: White = 43%, Black = 31%.} 1-0